[Event "Istanbul FIDE GP (Women)"]
[Site "Istanbul"]
[Date "2009.03.18"]
[Round "10"]
[White "Koneru, Humpy"]
[Black "Stefanova, Antoaneta"]
[Result "1-0"]
[WhiteElo "2621"]
[BlackElo "2557"]
[Annotator "Humpy,K"]
[PlyCount "59"]
[EventDate "2009.03.07"]
[EventType "tourn"]
[EventRounds "11"]
[EventCountry "TUR"]
[EventCategory "10"]
[SourceTitle "CBM 130"]
[Source "ChessBase"]
[SourceDate "2009.05.20"]
[SourceVersion "1"]
[SourceVersionDate "2009.05.20"]
[SourceQuality "1"]

{[%mdl 8256]} 1. d4 d5 2. c4 c6 {Stefanova played the Slav Defence as I had
expected.} 3. Nf3 Nf6 4. e3 Bf5 5. Nc3 e6 6. Nh4 {I have played many games in
this variation.} Bg6 7. Qb3 Qb6 8. Nxg6 hxg6 9. Bd2 (9. g3 Nbd7 10. Bd2 Be7 11.
Bg2 Qa6 12. Bf1 Qb6 13. Bg2 Qa6 14. cxd5 cxd5 15. a4 Nb6 16. Bf1 Nc4 17. Bxc4
dxc4 18. Qb5+ Qc6 19. Qxc6+ bxc6 20. Rc1 Kd7 21. Nd1 Rh3 22. Rxc4 Rah8 23. Bb4
Bd8 {Mamedyarov,S (2728)-Shirov,A (2720)/Fuegen 2006}) 9... Nbd7 10. Qc2 {
Here I played Bd3 against Bacrot. But in most of my games I opted for 10.Qc2
followed by long castling. But over the board I hesitated to repeat the same
idea thinking that she might be well prepared. However, I like that variation
so much that even after spending some time I couldn't resist the temptation to
play 10.Qc2.} (10. Bd3 Be7 11. f3 (11. h3 O-O 12. O-O Rfe8 13. Rfd1 Rac8 14.
Rac1 Qc7 15. e4 dxe4 16. Nxe4 Nxe4 17. Bxe4 e5 18. d5 Nc5 19. Qe3 Nxe4 20. Qxe4
cxd5 21. cxd5 Qd6 22. Rxc8 Rxc8 23. Bc3 Bf6 24. Qa4 Qc5 25. d6 Rd8 26. d7 b6
27. Qxa7 Bh4 28. Rd2 Bg5 29. Re2 f6 30. Qa4 Qd5 31. Qc2 Rxd7 32. Qxg6 Re7 33.
a3 e4 34. h4 Bf4 35. Re1 e3 36. fxe3 Rxe3 37. Rxe3 Bxe3+ 38. Kh2 Qd6+ 39. g3 {
1-0 Blagojevic,D (2508)-Vajda,A (2364)/Herceg Novi 2002}) 11... Qc7 12. cxd5
exd5 13. O-O-O Qb6 14. Qc2 c5 15. Na4 Qc6 16. Nxc5 Nxc5 17. dxc5 Qxc5 18. Kb1
O-O 19. Rc1 Qxc2+ 20. Rxc2 Rac8 21. Rxc8 Rxc8 22. Rc1 Rxc1+ 23. Kxc1 Kf8 24.
Bc3 Bd6 25. h3 Ke7 26. Kd2 Ke6 27. Bd4 Be5 28. Bxa7 Bxb2 29. Kc2 Ba1 30. Kb1
Bc3 31. Kc2 Ba1 32. Kb1 {1/2-1/2 Koneru,H (2545)-Bacrot,E (2705)/Cap d'Agde
2006/}) 10... g5 $6 {I felt comfortable after Stefanova played ...g5, as it is
not at all troublesome for me.} ({I believe} 10... Qc7 {is the best. Early In
the opening after 7.Qb3 Black has a choice of playing ...Qc7 instead of ...Qb6,
then there will not be any tempo gained by attacking the h2-pawn as the
b7-pawn is under attack. But now Black wins a tempo by attacking h2. In
addition to the idea of playing the knight to b6.} 11. h3 Be7 12. Be2 Rc8 13.
Rc1 O-O 14. O-O Qb8 15. Qb1 Rfd8 16. Rfd1 c5 17. cxd5 Nxd5 18. Nxd5 exd5 19.
dxc5 Nxc5 20. Bc3 Ne4 21. Bd4 Bc5 22. Bxc5 Rxc5 23. Rxc5 Nxc5 24. Bf3 Qe5 25.
Rd2 Ne6 26. Qd1 Nc7 27. Rd4 Ne6 28. Rd2 b6 29. Bxd5 Rc8 30. Bb3 Nc5 31. Rd8+
Rxd8 32. Qxd8+ Kh7 33. Bxf7 Qf6 34. Qg8+ Kh6 35. f4 {1-0 Spassov,L (2365)
-Kirov,D (1935)/Pernik 2003}) 11. O-O-O $146 Be7 ({The immediate long castling
will give the initiative to White because of the pawn on g5.} 11... O-O-O 12.
cxd5 exd5 13. e4 dxe4 14. Bxg5 Qa5 15. h4 $14) 12. Kb1 {The most natural move.}
O-O-O $2 {The black king comes under indirect attack. At the same time Black's
queen and rook are in a skewer position.} ({Better is} 12... dxc4 13. Bxc4
O-O-O 14. h3 $14) 13. cxd5 Nxd5 $4 {This is a tactical oversight by my
opponent.} ({She should have played} 13... exd5 {though even then I would be
in an advantageous position after playing} 14. e4 dxe4 (14... Nxe4 $4 15. Nxd5
$18) 15. Bxg5 Qc7 16. Nxe4 Rhe8 17. Ng3 $16) 14. Nxd5 exd5 15. Qa4 $1 {Black
has no answer for this move. Any move is disastrous for Black.} c5 ({Another
try is} 15... Qc7 {by giving up her queen for rook and bishop} 16. Qxa7 Rxh2
17. Qa8+ Nb8 18. Ba5 Qxa5 19. Qxa5 Rxh1 20. Rc1 $16) 16. Ba5 Qf6 17. Bxd8 {
Black loses an exchange without any compensation.} Rxd8 18. dxc5 Nxc5 19. Qxa7
{The black king has lost its shelter, giving so many possibilities to attack.}
Qxf2 (19... Qf5+ 20. Ka1 Qxf2 21. Rc1 Qxe3 22. Ba6 bxa6 23. Rhe1 $18) 20. Rc1
Qxe3 21. Bb5 (21. Ba6 $1 {This move is suggested by the silicon monster.} bxa6
22. Rhe1 Qd3+ 23. Ka1 Rd7 (23... Bd6 24. Rxc5+ Bxc5 25. Qxc5+ Kb8 26. Qb6+ Kc8
27. Rc1+ Kd7 28. Qc7+ Ke8 29. Re1+ $18) 24. Rxc5+ Bxc5 25. Re8+ Rd8 26. Qxc5+
Kb7 27. Re7+ $18) 21... Qe4+ 22. Ka1 Qb4 23. Rhe1 $3 {I had this move in my
mind when I went for 18.dxc5.} Bd6 24. Qb6 {This is like a Zugzwang position
for Black. She has no freedom for her pieces.} Qd4 25. Red1 {Harassing the
queen.} Qe3 26. Rc3 {By force Black is going to lose a piece.} Qe7 27. Rdc1 Kb8
28. Rxc5 {Black is helpless.} Bxh2 (28... Bxc5 29. Qxc5 Qxc5 30. Rxc5 {is
losing for Black.}) 29. Bd7 $3 {The final tactical blow. Clearing the way for
my rook to get to a5.} Qxd7 30. Ra5 {Black resigned.} 1-0

[Event "Belgrade Investbank"]
[Site "Belgrade"]
[Date "1991.??.??"]
[Round "?"]
[White "Jussupow, Artur"]
[Black "Nikolic, Predrag"]
[Result "1/2-1/2"]
[WhiteElo "2625"]
[BlackElo "2625"]
[Annotator "Jussupow,A"]
[PlyCount "54"]
[EventDate "1991.11.??"]
[EventType "tourn"]
[EventRounds "11"]
[EventCountry "YUG"]
[EventCategory "15"]
[SourceTitle "CBM 027"]
[Source "ChessBase"]
[SourceDate "1992.04.01"]
[SourceVersion "1"]
[SourceVersionDate "1992.04.01"]
[SourceQuality "1"]

1. d4 d5 2. c4 c6 3. Nf3 Nf6 4. e3 Bf5 5. cxd5 cxd5 6. Qb3 Qc7 7. Nc3 e6 8. Bd2
Nc6 9. Bb5 Be7 (9... Bd6 $6 10. Rc1 O-O $140 11. Bxc6 bxc6 12. Nb5 $18) 10. O-O
O-O 11. Rfc1 Rfc8 (11... Na5 12. Qd1 (12. Qa4 a6 13. Nxd5 Nxd5 14. Rxc7 axb5
15. Qxa5 $13) (12. Nxd5 $4 Nxd5 $19) 12... Nc4 13. Bxc4 dxc4 14. Ne5 $16) 12.
Ne5 Ng4 (12... Nxe5 13. Nxd5 Nxd5 14. Rxc7 Rxc7 15. e4 Bxe4 16. dxe5 Rc2 17.
Rd1 Rac8 18. Bf1 b6 19. Qa4 $14) 13. Nxg4 Bxg4 14. Na4 Rab8 15. Rc3 (15. h3 Bf5
16. Rc3 a6 17. Bxc6 bxc6 18. Qd1 $10) 15... Qd8 (15... a6 16. Bd3 b5 17. Nc5
Qa7 18. a3 $14) 16. Bxc6 (16. Rac1 $2 Bb4 17. R3c2 Bxd2 18. Rxd2 Na5 $17) 16...
bxc6 17. Qc2 Bf5 18. Qd1 Bb4 19. Rb3 Bd6 20. Rc1 Qh4 (20... Rxb3 $5 21. axb3 (
21. Qxb3 Qg5 22. Qb7 Rf8 $40) 21... Qh4 $10) 21. h3 Bxh3 (21... Rxb3 $142) (
21... g5 22. Be1 Bxh3 23. gxh3 Qxh3 24. f3 $16) 22. gxh3 (22. Rxb8 $1 Rxb8 (
22... Bxb8 23. gxh3 Qxh3 24. f4 (24. f3 Qh2+ 25. Kf1 Bg3 26. Be1 Qh1+ 27. Ke2
Qg2+ 28. Kd3 Bxe1 29. Qxe1 Qxf3 30. Qh4 $14) 24... Qg3+ 25. Kf1 Qh3+ 26. Ke2
Qg2+ 27. Kd3 Qe4+ 28. Kc3 c5 29. b3 cxd4+ 30. Kb2 Re8 (30... Rxc1 31. Qxc1 h5
32. Qc8+ Kh7 33. Qxb8 dxe3 34. Be1 $16) 31. Nc5 Qg2 32. exd4 Qf2 $14) 23. gxh3
Qxh3 24. f3 Qh2+ 25. Kf1 Bg3 26. Be1 Qh1+ 27. Ke2 Qg2+ 28. Kd3 Bxe1 29. Qxe1
Qxf3 30. Rxc6 $16) 22... Qxh3 23. f4 $6 (23. f3 Qh2+ 24. Kf1 Rxb3 (24... e5 25.
dxe5 Bxe5 $16) 25. axb3 Bg3 26. Be1 Qh1+ 27. Ke2 Qg2+ 28. Kd3 Bxe1 29. Qxe1
Qxf3 30. Qh4 $14) 23... Qg3+ 24. Kf1 Qh3+ 25. Kg1 Qg3+ 26. Kf1 Qh3+ 27. Kg1
Qg3+ 1/2-1/2

[Event "Linares-03"]
[Site "Linares"]
[Date "1981.01.26"]
[Round "8"]
[White "Larsen, Bent"]
[Black "Gligoric, Svetozar"]
[Result "1-0"]
[WhiteElo "2610"]
[BlackElo "2530"]
[Annotator "Kharitonov,A"]
[PlyCount "123"]
[EventDate "1981.01.17"]
[EventType "tourn"]
[EventRounds "11"]
[EventCountry "ESP"]
[EventCategory "13"]
[SourceTitle "MCL"]
[Source "ChessBase"]
[SourceDate "1999.07.01"]
[SourceVersion "1"]
[SourceVersionDate "1999.07.01"]
[SourceQuality "1"]

1. d4 Nf6 2. Nf3 d5 3. c4 c6 4. e3 Bf5 5. cxd5 cxd5 6. Qb3 Qc8 (6... Qb6 7.
Qxb6 axb6 8. Nc3 Bd7 9. Ne5 e6 10. Bd2 $14 {Salov,V-Tukmakov,V/Leningrad/1987/
0,5 (55)/}) (6... Qc7 $5 7. Nc3 e6 8. Nh4 (8. Bd2 $5 {/\Rc15+/=/}) 8... Be4 9.
f3 Bg6 10. Nxg6 hxg6 11. f4 Nc6 12. Bd2 a6 $10 {Matlak,J-Sorokin,M/Protvino/
1988/0:1 (35)/}) (6... Qc7 7. Bd2 e6 8. Bb5+ Nc6 9. Bb4 Bxb4+ 10. Qxb4 Qe7 11.
Bxc6+ bxc6 12. Qxe7+ Kxe7 13. Nc3 $14 {Salov,S-Bareev,E/Dortmund/1992/1:0 (33)
Inf 54/356/}) 7. Nc3 e6 8. Bd2 Nc6 9. Rc1 Bd6 10. Nh4 Be4 11. f3 Bg6 12. Nb5
Be7 (12... Bb8 13. Qa3 Qd7 14. g3 Qe7 15. Kf2 Qxa3 16. Nxa3 $14) 13. Nxg6 hxg6
14. Kf2 Qb8 15. g3 O-O (15... g5 $5 $132) 16. Kg2 Qd8 (16... a6 $5 17. Nc3 Qc7
$14) 17. h4 a6 18. Na3 Qd7 19. Be2 Bd6 (19... Rfc8 $5) 20. g4 Rfc8 21. Nc2 Ne7
(21... Rc7 $5) 22. Nb4 Rxc1 23. Rxc1 Rc8 24. Rxc8+ Qxc8 25. Nd3 $14 Nc6 26. Qc2
Qd8 27. Be1 Nd7 $6 (27... e5 $5 28. dxe5 (28. Bf2 $6 e4) 28... Nxe5 29. b3 $14)
28. a3 Qc7 (28... e5 $5) 29. b4 e5 (29... Nb6 $5 30. Nc5 Nb8 $1 {/\Nc4+/=/})
30. dxe5 Bxe5 $2 (30... Ncxe5 31. Qxc7 Bxc7 32. Nf4 Nb6 33. Kf2 Nc6 $14) (30...
Ndxe5 $6 31. Nf4 Ne7 32. Qxc7 Bxc7 33. Kf2 $14) 31. Nxe5 Qxe5 (31... Ndxe5 32.
Qc5 Qd7 33. Bc3 $16) 32. Bxa6 $5 (32. Bf2 Qa1 $132) 32... bxa6 33. Qxc6 Qxe3
34. Qc8+ Kh7 (34... Nf8 35. Bf2 Qe2 36. Qd8 $16) 35. Bf2 Qe6 36. a4 $16 (36.
Kf1 Qd6 37. Bd4 Ne5 38. Bxe5 Qxe5 39. Qxa6 Qe3 40. Qe2 Qxa3 $10) 36... d4 37.
Bxd4 Qa2+ (37... Qe2+ 38. Kg3 Ne5 39. Qc3 Nd3 40. b5 $18 {Larsen/}) 38. Kg3 $2
(38. Kh3 $1 Qxa4 (38... Qd5 39. Qc3) 39. Qe8 f6 (39... Qd1 40. Qxd7 Qxf3+ 41.
Kh2 Qe2+ 42. Kg3 Qd3+ 43. Kf4 $18) 40. h5 gxh5 41. g5 $1 {Larsen/} fxg5 42.
Qxh5+ Kg8 43. Qe8+ Kh7 44. Qf7 $18) 38... Qxa4 39. Qe8 f6 40. h5 gxh5 41. Qxh5+
Kg8 42. Qe8+ Kh7 43. Qe4+ (43. g5 Qb5 $1 $10 (43... Qc6 $2 44. g6+ Kh6 45. Kh4
$1 $18)) 43... Kg8 44. Qd5+ (44. Qe6+ Kf8 $1 $13) 44... Kh7 45. g5 Qb5 $1 (
45... fxg5 46. Qf7 $18) (45... Kg6 $2 46. Qe4+ Kf7 47. g6+ Kf8 48. Qe6 $18) 46.
Qxb5 axb5 47. Kf4 (47. gxf6 Nxf6 $1 {Larsen/} 48. Bxf6 gxf6 49. Kg4 Kg7 $1 $8
50. Kf5 Kf7 51. f4 Ke7 52. Ke4 (52. Kg6 $2 Ke6 53. Kg7 Kf5 $19) 52... Ke6 $10)
47... Kg6 (47... fxg5+ 48. Kxg5 g6 49. Kf4 $16) 48. gxf6 gxf6 49. Ke4 Nb8 50.
Be3 Na6 51. Bd2 Nc7 52. f4 $22 Kf7 (52... Na6 53. f5+ Kf7 (53... Kh5 54. Kd5)
54. Kd5 Nc7+ 55. Kc6 Ne8 56. Kxb5 Nd6+ 57. Ka6 Nxf5 58. b5 Nd4 59. b6 Ke6 60.
b7 Nc6 61. Bf4 Kd7 62. Kb6 f5 63. Kc5 $22 $18 {Larsen/}) 53. Kd4 Ke6 $2 (53...
Na6 $1 54. f5 (54. Kd5 Kg6 55. Kc6 Nxb4+ 56. Bxb4 Kf5 57. Bd2 b4 $10) 54... Ke7
55. Kd5 Kd7 56. Bc3 Nc7+ 57. Kc5 Ne8 58. Kxb5 Nd6+ 59. Ka6 Nxf5 60. b5 Nd6 61.
b6 Kc8 $1 (61... Kc6 $2 62. Bxf6 Nb7 63. Be7) 62. Bxf6 Nb7 $10) 54. Kc5 Kd7 55.
Bc1 $22 $18 Ke6 (55... Kc8 56. Kc6 $18) 56. Kc6 Ne8 57. Kxb5 Kd5 58. Ka5 Nd6
59. b5 f5 60. Ka6 Ne8 61. b6 Kc6 62. Ba3 $1 1-0

[Event "Bundesliga 0506"]
[Site "Germany"]
[Date "2005.10.22"]
[Round "1.7"]
[White "Knaak, Rainer"]
[Black "Smeets, Jan"]
[Result "1-0"]
[WhiteElo "2487"]
[BlackElo "2531"]
[Annotator "Knaak,R/Meyer,CD"]
[PlyCount "31"]
[EventDate "2005.10.21"]
[EventType "team-tourn"]
[EventRounds "15"]
[EventCountry "GER"]
[SourceTitle "CBM 110"]
[Source "ChessBase"]
[SourceDate "2006.01.31"]
[SourceVersion "1"]
[SourceVersionDate "2006.01.31"]
[SourceQuality "1"]
[WhiteTeam "Werder Bremen"]
[BlackTeam "Solingen"]
[WhiteTeamCountry "GER"]
[BlackTeamCountry "GER"]

1. d4 d5 2. c4 c6 3. Nf3 Nf6 4. e3 Bf5 5. cxd5 cxd5 6. Nc3 e6 7. Ne5 {Diese
eigentlich schon angestaubte Fortsetzung im Abtausch-Slawen ist als
gelegentliche Eröffnungsfalle gar nicht so übel. Schwarz hat jetzt nur einen
guten Zug.} Nfd7 $1 {Immerhin hat das hat meinen Gegner bereits 25 Minuten
gekostet.} (7... Nbd7 $2 {tappt wegen} 8. g4 Bg6 9. h4 $16 {in die
"Bogoljubow-Falle", denn Schwarz muss den h-Bauern ziehen und erhält eine
ruinierte Struktur. Dazu zwei Beispiele aus der Praxis von vor 80 Jahren und
heute:} h6 10. Nxg6 fxg6 11. Bd3 Kf7 12. Qf3 (12. Qc2 Nxg4 13. Bxg6+ Kg8 14.
Nxd5 exd5 15. Qf5 Bb4+ 16. Ke2 Qf6 17. Qxg4 Nf8 18. Bd3 Ne6 19. Qf5 Qxf5 20.
Bxf5 Kf7 21. Bd2 Bxd2 22. Kxd2 g6 23. Bc2 g5 24. Bb3 Rad8 25. hxg5 Nxg5 26. Rh5
Kg6 27. Rah1 Rd6 28. Bc2+ Kg7 29. Rg1 Rg6 30. Kd1 {1-0 Bogoljubow,E-Gothilf,S/
Moskau 1925 - die Stammpartie!}) 12... Bb4 13. g5 hxg5 14. hxg5 Rxh1+ 15. Qxh1
Ne4 16. Qf3+ Ke7 17. Bxe4 dxe4 18. Qxe4 Bxc3+ 19. bxc3 Qa5 20. Rb1 Rh8 21. Rxb7
Qxc3+ 22. Bd2 Qa1+ 23. Ke2 Qxa2 24. Qc6 Rd8 25. e4 a5 {S. Kalinitschew - A.
Braun, DEM Höckendorf 2004;} 26. d5 $18) 8. Qb3 $5 ({Relativ harmlos wirkt} 8.
Nxd7 {, z.B.} Qxd7 9. Bd3 Bxd3 10. Qxd3 Nc6 11. O-O Be7 12. b3 O-O 13. Bb2 Nb4
14. Qe2 Rfc8 15. Rac1 Rc6 16. a3 Na6 17. Qd3 Rac8 18. Nb5 Rxc1 19. Rxc1 Rxc1+ {
1/2-1/2 Kurajica,B-Shirov,A/Sarajevo 2003/CBM 96}) 8... Qc7 $6 {(?) Zur
Entschuldigung des jungen Niederländers sei angeführt, dass diese
Ungenauigkeit (oder kann man schon von einem Fehler sprechen?) bereits von
einigen starken Spielern begangen wurde (u.a. von Anthony Miles) und dass die
folgende Partiefortsetzung bisher noch nie (!) aufs Brett kam, obwohl GMs wie
Pomar, Burmakin oder Arencibia die Gelegenheit dazu besaßen. Außerdem gibt es
die viel bekanntere Variante 6.Qb3, und da ist 6...Qc7 die richtige Antwort.
Man muss aber auch sagen, dass viele vorsichtige Spieler, wie etwa Max Euwe, 8.
..Qc8(=) den Vorzug gaben.} 9. e4 $1 $146 {Eine bemerkenswerte Neuerung und
gemäß Rainer eine Eingebung am Brett! Weiß legt unter Tempogewinn die Schräge
c1-f4 frei und opfert dafür einen Bauern. Das Motiv ist nicht unbekannt,
häufiger sah man allerdings den Doppelschritt dieses Bauern, um den
Königsläufer schwungvoll zu mobilisieren. Alternativen sind weniger zu
befürchten, z.B.:} ({I} 9. Nxd7 Nxd7 10. Bd2 a6 11. a4 Rc8 12. a5 Bd6 13. Be2 {
Arenciba-Miles, Havanna 1998, 13...} Nb8 $13 {Arenciba/ECO (D4)}) ({II} 9. Bd2
Nxe5 10. Nb5 Qb6 11. dxe5 Nc6 12. a4 Be7 13. a5 Qd8 14. Bc3 O-O 15. Be2 a6 16.
Nd4 Nxd4 17. Bxd4 Qd7 $11 {S. Safin - M. Forchert, NRW-Liga II 1994/95}) 9...
dxe4 $2 ({I Die Beurteilung des Bauernopfers ergibt sich aus der kritischen
Untersuchung von} 9... Bxe4 10. Bf4 {und nun z.B.:} Nxe5 (10... Qb6 11. Bb5 Bd6
(11... Bxg2 $2 12. Rg1 Bh3 13. Rc1 Qxd4 14. Nxd7 Qxf4 15. Nxf8+ Nc6 (15... Kxf8
16. Ne2 $18) 16. Ne2 Qd6 17. Bxc6+ bxc6 18. Qxh3 Kxf8 19. Qc3 $16 {/+-}) 12.
Nxe4 Bxe5 13. Bxe5 dxe4 14. Bxg7 Rg8 15. Be5 {und Weiß steht etwas besser:} a6
$5 (15... Qa5+ 16. Kf1 (16. Ke2) 16... Nc6 17. Bf4 $14) (15... Nc6 16. O-O $14)
16. Rc1 $5 Qa5+ 17. Ke2 Nc6 (17... Ke7 $6 18. Ba4 $5 Nc6 (18... b5 $2 19. Qa3+
b4 20. Qh3 $1) 19. Qa3+ Kd8 20. Bxc6 Qxa3 21. Bc7+ Ke7 (21... Kxc7 $2 22. Bxe4+
Kd6 23. bxa3 $16) 22. bxa3 bxc6 23. Rxc6 Nf6 24. Bg3 Nd5 (24... Rgc8 $2 25.
Rxc8 Rxc8 26. Bh4 $1) 25. Rhc1) 18. Bxc6 bxc6 19. Bg3 Qh5+ 20. f3 $14) 11. Bxe5
Qb6 12. Bb5+ Nc6 13. Nxe4 dxe4 14. Rc1 $5 (14. O-O a6 15. Bxc6+ Qxc6 16. Rac1
Qd5 17. Qxd5 (17. Qg3 f6 18. Bb8 Rg8 $13) 17... exd5 18. Rc7 $44) 14... Rd8 (
14... Qa5+ $6 15. Ke2) (14... Rc8 $6 15. O-O {und der Entwicklungsvorsprung
gibt Weiß eindeutig Vorteil:} Kd8 (15... a6 $2 16. Bxc6+ Rxc6 17. Qxb6 (17. d5
$5 exd5 (17... Qxb3 $2 18. dxc6 $1) 18. Qxd5) 17... Rxb6 18. Rc8+ Kd7 19. Rfc1
Rc6 20. R1xc6 bxc6 21. Rc7+ Ke8 22. Rxc6) (15... Qd8 $2 16. Rfd1 $1) (15... Be7
$2 16. d5 $1 exd5 17. Bxg7 Rg8 18. Qh3 $1) 16. Qa4 a6 (16... Nxe5 17. dxe5 Bc5
18. Rfd1+ Ke7 19. Rd7+ Kf8 20. Kh1) 17. Bxc6 Rxc6 (17... bxc6 18. Qc2 $1) 18.
d5 exd5 19. Rcd1) 15. Bxc6+ bxc6 16. Qxb6 axb6 17. Rxc6 $14) ({II} 9... Nxe5
10. Bf4 $5 Bxe4 (10... dxe4 $2 11. Bxe5 Qb6 12. Bb5+ Nd7 (12... Nc6 13. d5 $1
exd5 14. Nxd5 Qa5+ 15. Bc3 Qd8 16. Rd1 $40 {+/-}) 13. O-O Rd8 (13... f6 14. Bg3
Rd8 15. Rac1 $16) 14. Rac1 Qa5 15. g4 $5 Bg6 (15... Bxg4 $4 16. Nxe4 $18) 16.
d5 $1 $40 {+/-}) 11. Bxe5 {ist Zugumstellung zu 10...Nxe5, siehe vorher. Fazit:
Weiß scheint in jedem Fall (zumindest) leichten Vorteil zu haben.}) 10. Nb5 Qd8
11. Nc4 $1 Nb6 $2 {Der entscheidende Fehler, der Weiß kurzen Prozeß machen
läßt. Hartnäckiger war} (11... Nc6 12. Nbd6+ Bxd6 13. Nxd6+ {und nun z.B.} Kf8
(13... Ke7 14. Nxf5+ (14. d5 $5) 14... exf5 15. d5 Nce5 16. Qb4+ Ke8 17. Be3 {
(/\Be2, 0-0 +/=/+/-) , und mit seinem exponierten König muß Schwarz sich eines
andauernden Druckspiels erwehren}) 14. Nxf5 exf5 15. Qxb7 Ne7 $5 (15... Qc8 $2
16. Ba6 Qxb7 17. Bxb7 Nxd4 18. Bxa8 Nc2+ 19. Ke2 Nxa1 20. Bc6 Ke7 21. Bxd7 Kxd7
22. Bd2 Nc2 23. Bc3 $18) (15... Rc8 $2 16. Bg5 f6 17. Bf4 Nb6 18. Rc1 Nxd4 19.
Rxc8 Nxc8 20. Bc4 Nc2+ 21. Ke2 Nd4+ 22. Kd2 $1 Ne7 23. Kc1 {/\Rd1+/-/+-}) 16.
b3 $5 $14 {/+/- (/\Ba3), z.B.} Qa5+ 17. Bd2 Qd5 18. Qb4 a5 19. Qc4 Nb6 20. Qc5
Nd7 21. Qxd5 Nxd5 22. Bb5 {mit weißem Endspielvorteil}) 12. Bf4 $18 Nd5 13.
Nbd6+ Bxd6 14. Nxd6+ Ke7 ({Vielleicht hatte mein Gegner bei 11...Nb6 hier} 
14... Kf8 {geplant, was aber an} 15. Qxb7 {scheitert:} Nd7 16. Nxf5 $1 Nxf4 17.
Qb4+ Kg8 18. Ne7+ Kf8 19. Nc6+ $18) 15. Qa3 Kd7 16. Bb5+ {Schwarz gab auf} (16.
Bb5+ Nc6 17. Nxb7 Qb6 18. Qd6+ Kc8 19. Rc1) 1-0

[Event "Dos Hermanas-A"]
[Site "Dos Hermanas"]
[Date "2005.04.07"]
[Round "7"]
[White "Dreev, Alexey"]
[Black "Felgaer, Ruben Alejandro"]
[Result "1-0"]
[WhiteElo "2705"]
[BlackElo "2593"]
[Annotator "Kortschnoj,V"]
[PlyCount "105"]
[EventDate "2005.04.01"]
[EventType "tourn"]
[EventRounds "9"]
[EventCountry "ESP"]
[EventCategory "16"]
[SourceTitle "CBM 107"]
[Source "ChessBase"]
[SourceDate "2005.08.01"]
[SourceVersion "1"]
[SourceVersionDate "2005.08.01"]
[SourceQuality "1"]

1. d4 d5 2. c4 c6 3. Nf3 Nf6 4. e3 Bf5 5. Nc3 e6 6. Nh4 Bg6 7. Nxg6 hxg6 {
I, and many other grandmasters as well, believe that white, having achieved
the so called "advantage of two bishops" will get an edge in the following
middlegame. Still, the practice does not entirely confirm this point of view...
} 8. Bd2 Nbd7 9. Rc1 $1 {This idea belongs to G.Kasparov. Its point is to
prevent any activity of black on the queen side. The former leader of the
chess world has demonstrated this treatment of the position in his game vs.
Vallejo, Linares 2005.} Bd6 10. g3 O-O 11. Qb3 Rb8 12. Bg2 Bc7 {The other,
most applicable way for black, was 12...dc 13.Qxc4 e5, striving for a
counterplay in the centre.} 13. O-O Nb6 {With the idea to force white to
relieve the tension in the centre. 13...b5!? was the alternative.} 14. cxd5
exd5 {14...cd would lose a pawn after 15.Nb5 Nc4 16.Bb4 Re8 17.Na7.} 15. Rce1
$5 {Remarkable! Most of the players would play here 15.Rcd1.} Re8 16. f3 Nc4
17. Bc1 Nd6 $6 {Black had to prevent here a long-prepared by white push e3-e4
- either with 15...Bb6 16.Na4 Nd6, or even more energetically, although some
people would call it antipositional - with 15...b5!?, followed by Bd6.} 18. e4
$1 $16 Bb6 19. Rd1 {Here black cannot take on e4 many times,because pawn f7 is
hanging!} Qd7 20. Bf4 {And now taking on e4 is impossible because the rook b8
is hanging...} Rbd8 ({What about} 20... g5 {? Then} 21. Bxg5 dxe4 22. Bxf6 exf3
23. Rxf3 gxf6 24. Rxf6 {white stands better. Let's continue a bit:} Nf5 $6 25.
Bh3 Bxd4+ 26. Kh1 Nxg3+ 27. Kg2 Qe7 28. Rg6+ Kh7 29. Rxg3 {winning.}) 21. e5
Nf5 {An extremely interesting moment:} (21... g5 {was not quite satisfactory}
22. Bxg5 Rxe5 23. Qxb6 $3 {Or} Rxg5 (23... axb6 24. dxe5 Nh7 25. Bxd8 Nc4 (
25... Nc8 26. Bh4 g5 27. Bxg5 Nxg5 28. f4 $18) 26. b3 $18) 24. Qxa7 {with a
pawn up.}) 22. exf6 Nxd4 23. Qa4 Nf5+ 24. Kh1 gxf6 25. Qc2 Nd4 $6 {The
compensation for a piece is not sufficient. Still, black does not exploit his
trumps. 25...Ne3, 25...Be3 or 25...Kg7- everything was stronger than the move
in the text.} 26. Qd3 Ne6 27. Bd2 f5 28. b4 $18 {Strictly speaking, the game
is over - an extra piece will say soon its decisive word.} Bd4 29. Ne2 Bg7 30.
Bc3 d4 31. Bd2 a5 32. bxa5 Qd5 33. Nc1 Nc5 34. Qb1 Rd7 35. Nd3 Nxd3 36. Qxd3
Qxa2 37. Ra1 Qd5 38. f4 Re4 39. g4 c5 40. gxf5 gxf5 41. Rac1 Rc7 42. Rc4 Rc6
43. Bf3 b5 44. axb6 Rxb6 45. Rg1 Rb2 46. Bc1 Rf2 47. Rc2 Ree2 (47... c4 48.
Rxc4 Rxf3 49. Rc8+ $18) 48. Rxe2 Rxf3 49. Re8+ Kh7 50. Re5 Rxd3+ 51. Rxd5 c4
52. Rxf5 Kh8 53. Rh5+ 1-0